000
00213nam a2200097Ia 4500
008
240331s9999 xx 000 0 und d
082
_b
THA
100
_a
Thasisiyas,
245
0
_a
Thamilaka nadakarkalukku
942
_c
L
999
_c
3704
_d
3704